| 000 | 00646nam a2200217Ia 4500 | ||
|---|---|---|---|
| 001 | 55412 | ||
| 008 | 140505s9999 xx 000 0 und d | ||
| 020 | _aNA | ||
| 040 | _cPK-LaUMT | ||
| 082 |
_a 515 _bPRO- |
||
| 100 | _aAlexander, Howard W. | ||
| 245 | 2 |
_aA programed course in calculus _bapplications and techniques of integration _cAlexander, Howard W.<>Botts, Truman A.<>Dursts, Lincoln K.<>Earl, Boyd L. |
|
| 260 |
_aNew York,USA: _bW. A. Bengamin, Inc., _c1968 |
||
| 300 | _a213 p. | ||
| 546 | _aEN | ||
| 650 | _aIntegration | ||
| 700 | _aBotts, Truman A. | ||
| 700 | _aDursts, Lincoln K. | ||
| 700 | _aEarl, Boyd L. | ||
| 942 | _cBK | ||
| 999 |
_c52755 _d52755 |
||